Performance Appraisal System (Record no. 69303)

MARC details
000 -LEADER
fixed length control field 00356nam a2200145Ia 4500
008 - FIXED-LENGTH DATA ELEMENTS--GENERAL INFORMATION
fixed length control field 221007s9999 xx 000 0 und d
041 ## - LANGUAGE CODE
Language code of text/sound track or separate title eng
082 ## - DEWEY DECIMAL CLASSIFICATION NUMBER
Item number BHA
100 ## - MAIN ENTRY--PERSONAL NAME
Personal name Bhargave S P (2k51004)
9 (RLIN) 102144
245 ## - TITLE STATEMENT
Title Performance Appraisal System
260 ## - PUBLICATION, DISTRIBUTION, ETC. (IMPRINT)
Date of publication, distribution, etc. 2008
Name of publisher, distributor, etc. Pune University
Place of publication, distribution, etc. Nashik
300 ## - PHYSICAL DESCRIPTION
Extent 47p
520 ## - SUMMARY, ETC.
Summary, etc. Gaikwad A
906 ## - LOCAL DATA ELEMENT F, LDF (RLIN)
b General
Holdings
Withdrawn status Lost status Damaged status Not for loan Home library Current library Date acquired Vendor Total Checkouts Full call number Barcode Date last seen Bill Date Koha item type Original Barcode
        Smt. Hiraben Nanavati Institute of Management & Research for Women Smt. Hiraben Nanavati Institute of Management & Research for Women 21/11/2008 HNIMR   BHA HIMR-PR-299 07/10/2022 21/11/2008 Project Reports PR0299